LEADER 01021nam0 2200265 450 001 000018040 005 20081022140125.0 010 $a88-256-0215-4 100 $a20081022d1991----km-y0itay50------ba 101 1 $aita$ceng 102 $aIT 105 $ay-------001yy 200 1 $aBasi di dati e basi di conoscenza$fJeffrey D. Ullman 210 $aMilano$cJackson$d1991 215 $aXXIV, 719 p.$d25 cm 500 10$aPrinciples of database and knowledge-base systems$m$934752 610 1 $aArchivi di dati 676 $a005.74$v19$9Dati nei sistemi di elaboratori. Archivi e basi di dati 676 $a025.04$v21$9Attivitą nelle biblioteche, negli archivi, nei centri d'informazione. Sistemi di memorizzazione e recupero delle informazioni 700 1$aUllman,$bJeffrey D.$f<1942- >$09704 801 0$aIT$bUNIPARTHENOPE$c20081022$gRICA$2UNIMARC 912 $a000018040 951 $aM 025.04/4$bM 1489$cDSA$d2008 996 $aPrinciples of database and knowledge-base systems$934752 997 $aUNIPARTHENOPE LEADER 01782nam 2200397 a 450 001 9910697856803321 005 20081209101513.0 035 $a(CKB)5470000002392414 035 $a(OCoLC)277226612 035 $a(EXLCZ)995470000002392414 100 $a20081209d2008 ua 0 101 0 $aeng 135 $aurmn||||||||| 181 $ctxt$2rdacontent 182 $cc$2rdamedia 183 $acr$2rdacarrier 200 10$a2010 census$b[electronic resource] $ethe Bureau's plans for reducing the undercount show promise, but key uncertainties remain : testimony before the Subcommittee on Federal Financial Management, Government Information, Federal Services, and International Security, Committee on Homeland Security and Governmental Affairs, U.S. Senate /$fstatement of Robert Goldenkoff 210 1$a[Washington, D.C.] :$cU.S. Govt. Accountability Office,$d[2008] 215 $a18 pages $cdigital, PDF file 225 1 $aTestimony ;$vGAO-08-1167 T 300 $aTitle from title screen (viewed on Nov. 25, 2008). 300 $a"For release ... September 23, 2008." 320 $aIncludes bibliographical references. 517 $a2010 census 606 $aCensus undercounts$zUnited States$xPrevention 607 $aUnited States$xCensus, 2010$xPlanning 615 0$aCensus undercounts$xPrevention. 700 $aGoldenkoff$b Robert$01393781 712 02$aUnited States.$bCongress.$bSenate.$bCommittee on Homeland Security and Governmental Affairs.$bSubcommittee on Federal Financial Management, Government Information, and International Security. 712 02$aUnited States.$bGovernment Accountability Office. 801 0$bGPO 801 1$bGPO 906 $aBOOK 912 $a9910697856803321 996 $a2010 census$93458349 997 $aUNINA